• 首页
  • 本馆介绍
  • 公告通知
  • 最新文献
  • 馆藏检索
  • 电子资源
  • 读者导购
  • 参考咨询
  • 我的图书馆
  • 登录
  • 详细信息显示
  • 放入我的书架
  • 预约/预借图书
  • 作者相关作品
  • 分类相关作品
  • 丛书相关作品
  • 出版社相关作品

书目信息

  • 表格格式
  • 工作单格式
  • 卡片格式
题名:
出租汽车驾驶员从业资格考试全国公共科目培训教材
    
 
作者: 交通运输部职业资格中心组织编写
分册:  
出版信息: 北京   人民交通出版社  2012
页数: 138页
开本: 26cm
丛书名:
单 册:
中图分类: U469.120.9
科图分类:
主题词: 出租汽车--驾驶员--资格考试--教材
电子资源:
ISBN: 978-7-114-13708-2
000 01093nam0 2200241 450
001 0400001787
005 20171025154451.15
010    @a978-7-114-13708-2@dCNY35.00
100    @a20170524e20172012em y0chiy50 ea
101 0  @achi
102    @aCN@b110000
105    @aa z 000yy
106    @ar
200 1  @a出租汽车驾驶员从业资格考试全国公共科目培训教材@9chu zu qi che jia shi yuan cong ye zi ge kao shi quan guo gong gong ke mu pei xun jiao cai@f交通运输部职业资格中心组织编写
205    @a第2版
210    @a北京@c人民交通出版社@d2012@h2017.3
215    @a138页@c彩图@d26cm
300    @a中华人民共和国机动车驾驶员培训教材 适用类别巡游汽车驾驶员 网络预约出租汽车驾驶员
330    @a本教材内容以出租汽车驾驶员应知应会的知识为重点,以“遵章守法、安全运营、优质服务”为主线,突出对出租汽车驾驶员能力的培养和素质的提升,也包括出租汽车相关政策、法律法规,出租汽车驾驶员社会责任与职业道德,出租汽车运营服务规范,出租汽车安全运营及其他相关知识。
606 0  @a出租汽车@x驾驶员@x资格考试@j教材
690    @aU469.120.9@v5
801  0 @aCN@b91MARC@c20171019
905    @b1025651-5@dU469.120.9@f5@e486=2
    
    出租汽车驾驶员从业资格考试全国公共科目培训教材/交通运输部职业资格中心组织编写.-第2版.-北京:人民交通出版社,2012(2017.3)
    138页:彩图;26cm
    中华人民共和国机动车驾驶员培训教材 适用类别巡游汽车驾驶员 网络预约出租汽车驾驶员
    
    ISBN 978-7-114-13708-2:CNY35.00
    本教材内容以出租汽车驾驶员应知应会的知识为重点,以“遵章守法、安全运营、优质服务”为主线,突出对出租汽车驾驶员能力的培养和素质的提升,也包括出租汽车相关政策、法律法规,出租汽车驾驶员社会责任与职业道德,出租汽车运营服务规范,出租汽车安全运营及其他相关知识。
●
相关链接 在E读中查询图书 在五车中查询图书 在当当中查询图书 在豆瓣中查询图书


正题名:出租汽车驾驶员从业资格考试全国公共科目培训教材     索取号:U469.120.9/486=2         预约/预借

序号 登录号 条形码 馆藏地/架位号 状态 备注
1 1025651   210256514   第二样本阅览室/ [索取号:U469.120.9/486=2] 在馆    
2 1025652   210256523   物理系资料室/ [索取号:U469.120.9/486=2] 在馆    
3 1025653   210256532   第三借阅区/ [索取号:U469.120.9/486=2] 在馆    
4 1025654   210256541   第三借阅区/ [索取号:U469.120.9/486=2] 在馆    
5 1025655   210256550   第三借阅区/ [索取号:U469.120.9/486=2] 在馆    
唐山师范学院图书馆 欢迎您!
大连网信软件有限公司© 版权所有